[Event "Konjic op 12th"]
[Site "Konjic"]
[Date "2023.03.02"]
[Round "3"]
[White "Marjanovic, Alex"]
[Black "Dafa, Sirio"]
[Result "1-0"]
[WhiteElo "2022"]
[BlackElo "1743"]
[PlyCount "69"]
[EventDate "2023.03.01"]
[EventType "swiss"]
[EventRounds "7"]
[EventCountry "BIH"]
[SourceTitle "CBM 213 Extra"]
[Source "ChessBase"]
[SourceDate "2023.05.31"]
[SourceVersion "1"]
[SourceVersionDate "2023.05.31"]
[SourceQuality "1"]

1. e4 e5 2. Nf3 Nc6 3. Bb5 Bc5 4. c3 f5 5. 0-0 fxe4 6. Bxc6 exf3 7. Bxf3 Qf6 8. Qe2 Ne7 9. Re1 d6 10. d4 exd4 11. Nd2 d3 12. Qxd3 Bf5 13. Qb5+ Kf7 14. Qxb7 c6 15. Qb3+ d5 16. c4 Rab8 17. Qd1 Qd4 18. cxd5 Qxf2+ 19. Kh1 Bc2 20. Qe2 Qxe2 21. Bxe2 cxd5 22. Nf3 Ng6 23. Rf1 Ke7 24. Bg5+ Kd6 25. b3 Rhe8 26. Bd1 Bd3 27. Re1 h6 28. Bd2 Rxe1+ 29. Nxe1 Rf8 30. Bf3 Be4 31. h3 Bd4 32. Rc1 Ke5 33. Bb4 Ke6 34. Bxf8 Be3 35. Rc7 1-0

[Event "Struga Lake Queen U18 op"]
[Site "Struga"]
[Date "2022.09.11"]
[Round "7"]
[White "Dafa, Sirio"]
[Black "Raftopoulos, Emmanouil"]
[Result "1-0"]
[WhiteElo "1644"]
[BlackElo "1379"]
[PlyCount "109"]
[EventDate "2022.09.07"]
[EventType "swiss"]
[EventRounds "7"]
[EventCountry "MKD"]
[SourceTitle "EXT 2023"]
[Source "ChessBase"]
[SourceDate "2022.10.05"]
[SourceVersion "1"]
[SourceVersionDate "2022.10.05"]
[SourceQuality "1"]

1. e4 c6 2. d4 d5 3. Nc3 dxe4 4. Nxe4 Bf5 5. Ng3 Bg6 6. h4 h6 7. Nf3 Nd7 8. h5 Bh7 9. Bd3 Bxd3 10. Qxd3 e6 11. Bd2 Ngf6 12. 0-0-0 Bd6 13. Ne4 Nxe4 14. Qxe4 Nf6 15. Qe2 Qb6 16. Ne5 Qxd4 17. Ng6 Rg8 18. Be3 Qa4 19. Rxd6 Qxa2 20. Bc5 Qa1+ 21. Kd2 Qxh1 22. Rxe6+ fxe6 23. Qxe6+ Kd8 24. Qe7+ Kc8 25. Bd6 Nd7 26. Qe6 b6 27. Qxg8+ Kb7 28. Qxg7 Rd8 29. Qe7 Kc8 30. Qe4 Nb8 31. Qe7 Nd7 32. Nf4 Qf1 33. Qe2 Qxe2+ 34. Kxe2 Nf6 35. Bb4 Rd4 36. Bd2 Rc4 37. Kd3 Rc5 38. Be3 Rb5 39. b3 Nd5 40. Ke4 Nxf4 41. Bxf4 Rxh5 42. g4 Rc5 43. Bxh6 Rxc2 44. f4 Re2+ 45. Kf5 Kd7 46. Bg7 Ke7 47. g5 Kf7 48. Bf6 Re3 49. g6+ Kf8 50. Be5 Rxb3 51. Ke6 Rf3 52. f5 c5 53. f6 Re3 54. g7+ Kg8 55. f7+ 1-0

[Event "Struga Lake Queen U18 op"]
[Site "Struga"]
[Date "2022.09.10"]
[Round "6"]
[White "Jusufi, Ahmet"]
[Black "Dafa, Sirio"]
[Result "1-0"]
[WhiteElo "1595"]
[BlackElo "1644"]
[PlyCount "55"]
[EventDate "2022.09.07"]
[EventType "swiss"]
[EventRounds "7"]
[EventCountry "MKD"]
[SourceTitle "EXT 2023"]
[Source "ChessBase"]
[SourceDate "2022.10.05"]
[SourceVersion "1"]
[SourceVersionDate "2022.10.05"]
[SourceQuality "1"]

1. e4 e5 2. Nf3 Nc6 3. Bc4 Nf6 4. d3 Be7 5. Nc3 d6 6. h3 Na5 7. Bb5+ c6 8. Ba4 b5 9. Bb3 0-0 10. 0-0 Nxb3 11. axb3 Be6 12. Ng5 h6 13. Nxe6 fxe6 14. Re1 b4 15. Nb1 Qd7 16. Nd2 Nh7 17. Nc4 Bg5 18. Bd2 c5 19. Ra6 Be7 20. Qg4 Rf6 21. Nb6 Qb7 22. Rea1 Re8 23. Nc4 d5 24. Nd6 Bxd6 25. Rxa7 Qxa7 26. Rxa7 Re7 27. Rxe7 Bxe7 28. Qh5 1-0

[Event "Struga Lake Queen U18 op"]
[Site "Struga"]
[Date "2022.09.09"]
[Round "4"]
[White "Dafa, Sirio"]
[Black "Lozanovski, Andrej"]
[Result "1-0"]
[WhiteElo "1644"]
[BlackElo "1132"]
[PlyCount "57"]
[EventDate "2022.09.07"]
[EventType "swiss"]
[EventRounds "7"]
[EventCountry "MKD"]
[SourceTitle "EXT 2023"]
[Source "ChessBase"]
[SourceDate "2022.10.05"]
[SourceVersion "1"]
[SourceVersionDate "2022.10.05"]
[SourceQuality "1"]

1. e4 c6 2. d4 d5 3. Nc3 dxe4 4. Nxe4 Bf5 5. Ng3 Bg6 6. h4 h6 7. Nf3 Nd7 8. h5 Bh7 9. Bd3 Bxd3 10. Qxd3 e6 11. Bd2 Ngf6 12. 0-0-0 Qc7 13. Ne4 Nxe4 14. Qxe4 Nf6 15. Qe2 Bd6 16. Ne5 0-0-0 17. f4 Nd5 18. c4 Nxf4 19. Bxf4 f6 20. c5 Bxe5 21. dxe5 Qa5 22. Qc4 Rd5 23. Rxd5 exd5 24. Qc2 Qxa2 25. exf6 Qa1+ 26. Qb1 Qa4 27. Qf5+ Kd8 28. fxg7 Qc4+ 29. Kb1 1-0

[Event "Balkan-ch U14"]
[Site "Tornelo INT"]
[Date "2020.11.01"]
[Round "6"]
[White "Shtavica, Alaudin"]
[Black "Dafa, Sirio"]
[Result "0-1"]
[WhiteElo "1680"]
[BlackElo "1004"]
[PlyCount "68"]
[EventDate "2020.10.31"]
[EventType "swiss"]
[EventRounds "7"]
[EventCountry "NET"]
[SourceTitle "EXT 2023"]
[Source "ChessBase"]
[SourceDate "2022.10.05"]
[SourceVersion "1"]
[SourceVersionDate "2022.10.05"]
[SourceQuality "1"]

1. e4 e5 2. Nf3 Nc6 3. Bc4 Nf6 4. d3 Be7 5. 0-0 0-0 6. h3 d6 7. Be3 Na5 8. Nbd2 c5 9. a3 Nxc4 10. Nxc4 b5 11. Ncd2 Be6 12. Nh2 d5 13. exd5 Nxd5 14. Ndf3 Nxe3 15. fxe3 e4 16. dxe4 Qc7 17. Qe2 Bc4 18. Qf2 Bxf1 19. Rxf1 Bd6 20. e5 Bxe5 21. Nxe5 Qxe5 22. Ng4 Qxb2 23. Qe2 b4 24. axb4 cxb4 25. Qd3 Qa2 26. Ne5 Qe6 27. Nf3 Rad8 28. Qb5 Qxe3+ 29. Kh1 Qb6 30. Qc4 a5 31. Ng5 Qg6 32. Nf3 Rc8 33. Qf4 Rxc2 34. Ne5 Qxg2# 0-1

[Event "Balkan-ch U14"]
[Site "Tornelo INT"]
[Date "2020.10.31"]
[Round "4"]
[White "Smirnov, Grigorii"]
[Black "Dafa, Sirio"]
[Result "1-0"]
[WhiteElo "1403"]
[BlackElo "1004"]
[PlyCount "40"]
[EventDate "2020.10.31"]
[EventType "swiss"]
[EventRounds "7"]
[EventCountry "NET"]
[SourceTitle "EXT 2023"]
[Source "ChessBase"]
[SourceDate "2022.10.05"]
[SourceVersion "1"]
[SourceVersionDate "2022.10.05"]
[SourceQuality "1"]

1. d4 Nf6 2. c4 e5 3. dxe5 Ng4 4. Nf3 Bc5 5. e3 Nc6 6. Be2 Ngxe5 7. Nxe5 Nxe5 8. Nc3 d6 9. b3 0-0 10. 0-0 a6 11. Bb2 Be6 12. Ne4 Ba7 13. c5 d5 14. Bxe5 dxe4 15. b4 Qe7 16. Bd4 Rad8 17. Qc2 f5 18. Bc4 Kh8 19. Bxe6 Qxe6 20. Qc3 Qd6 1-0